000 00659cam a22002413a 4500
001 5421
003 PGUSA
005 20140828083120.0
008 040401s2004||||xxu|||||s|||||000 1 eng d
040 _aPGUSA
_beng
042 _adc
050 4 _aPS
100 1 _aSinclair, Upton,
_d1878-1968
245 1 4 _aThe Metropolis
_h[electronic resource] /
_cUpton Sinclair
260 _bProject Gutenberg,
_c2004
506 _aPublic domain in the USA.
516 _aElectronic text
653 _aSocialites -- Fiction
653 _aUpper class -- Fiction
830 0 _aProject Gutenberg
_v5421
856 4 0 _uhttp://www.gutenberg.org/ebooks/5421
942 _cEB
999 _c234750
_d234750